Business economics : concepts and cases /

What do economists do? The basic problem. Modelling the market. Market failure. Modelling the behaviour of firms...

Kaydedildi:
Detaylı Bibliyografya
Yazar: Greenwood, Malcolm S.
Diğer Yazarlar: Carter, M. J.
Materyal Türü: Kitap
Dil:English
Baskı/Yayın Bilgisi: London : International Thomson Business Press, 1997.
Konular:
Etiketler: Etiketle
Etiket eklenmemiş, İlk siz ekleyin!
Thư viện lưu trữ: Mạng thư viện Đại học Đà Nẵng
LEADER 01120cam a2200373 i 4500
001 000049184
003 8917
005 20030312084535.0
008 010316|1997 vm 000 eng
020 |a 1861520484 
040 |a IRC  |c IRC  |d IRC 
041 0 |a eng 
082 1 4 |a 338.7  |b GR-M 
100 1 |a Greenwood, Malcolm S. 
245 0 0 |a Business economics :  |b concepts and cases /  |c M. S. Greenwood and M. J. Carter. 
260 |a London :  |b International Thomson Business Press,  |c 1997. 
300 |a xxxii, 332 p. :  |b ill. ;  |c 23.3cm. 
520 3 |a What do economists do? The basic problem. Modelling the market. Market failure. Modelling the behaviour of firms... 
630 0 4 |a Economics. 
630 0 4 |a Business education. 
650 0 4 |a Managerial economics. 
650 0 4 |a Business education. 
650 0 4 |a Economics  |x Study and teaching. 
700 1 |a Carter, M. J. 
OWN |a DUT 
999 |a From the UDN01 
TYP |a Monograph 
TYP |a Printed language 
980 |a Mạng thư viện Đại học Đà Nẵng